[Event "Brazil Foz do Iguacu op"]
[Site "Foz do Iguacu"]
[Date "2018.05.19"]
[Round "8"]
[White "Azevedo, Hugo Daniel de Oliv"]
[Black "Rodio, Julia Brunetto"]
[Result "0-1"]
[WhiteElo "1650"]
[BlackElo "1725"]
[PlyCount "76"]
[EventDate "2018.05.16"]
[EventType "swiss"]
[EventRounds "9"]
[EventCountry "BRA"]
[SourceTitle "EXT 2019"]
[Source "ChessBase"]
[SourceDate "2018.10.10"]
[SourceVersion "1"]
[SourceVersionDate "2018.10.10"]
[SourceQuality "1"]

1. e4 c5 2. d4 cxd4 3. c3 d3 4. Bxd3 Nc6 5. Nf3 d6 6. 0-0 g6 7. Bg5 Bg7 8. Bb5 Bd7 9. Nbd2 a6 10. Ba4 Qc7 11. Bb3 Na5 12. Ba4 b5 13. Bc2 Rc8 14. Nb3 Nc4 15. Bc1 Nf6 16. h3 Bc6 17. Nbd2 Ne5 18. Nxe5 dxe5 19. Re1 0-0 20. Qf3 Bb7 21. a3 Nh5 22. Nf1 Rcd8 23. Ng3 Nf6 24. Bg5 h6 25. Bxf6 Bxf6 26. Qe3 Bg7 27. h4 h5 28. Bb3 e6 29. Rac1 Kh7 30. Bd1 Bh6 31. Qf3 Bxc1 32. Qf6 Rxd1 33. Rxd1 Bh6 34. Qf3 Qe7 35. Nxh5 gxh5 36. Qxh5 Bxe4 37. Qxe5 Ba8 38. Qh5 Qf6 0-1

[Event "Sao Paulo op-B U2050 4th"]
[Site "Sao Paulo"]
[Date "2016.03.25"]
[Round "2"]
[White "Van Riemsdijk, Dirk Dagobert"]
[Black "Azevedo, Hugo Daniel de Oliv"]
[Result "1-0"]
[WhiteElo "2016"]
[BlackElo "1733"]
[PlyCount "137"]
[EventDate "2016.03.24"]
[EventType "swiss"]
[EventRounds "7"]
[EventCountry "BRA"]
[SourceTitle "CBM 171 Extra"]
[Source "ChessBase"]
[SourceDate "2016.04.26"]
[SourceVersion "1"]
[SourceVersionDate "2016.04.26"]
[SourceQuality "1"]

1. e4 e5 2. f4 d5 3. exd5 e4 4. d3 Nf6 5. dxe4 Nxe4 6. Nf3 Bc5 7. Qe2 Bf2+ 8. Kd1 Qxd5+ 9. Nfd2 f5 10. Nc3 Qd4 11. Ncxe4 fxe4 12. c3 Qe3 13. Nxe4 Qxe2+ 14. Bxe2 Bh4 15. g3 Be7 16. Be3 Bf5 17. Bf3 Nc6 18. Ke2 0-0-0 19. Rad1 Rde8 20. Kf2 g5 21. Rhe1 g4 22. Bg2 h5 23. Nc5 h4 24. Bd4 Nxd4 25. cxd4 hxg3+ 26. hxg3 c6 27. Re5 Bg6 28. Rde1 Bf6 29. Rxe8+ Bxe8 30. Rd1 Bg6 31. b3 Rh2 32. Kg1 Rh8 33. Ne4 Bg7 34. f5 Bf7 35. Nd6+ Kd7 36. Nxf7 Rf8 37. Ne5+ Kd6 38. Nc4+ Kc7 39. Ne3 a5 40. d5 cxd5 41. Nxd5+ Kb8 42. f6 Bh6 43. Re1 Kc8 44. Re7 Bg5 45. Rc7+ Kb8 46. Rg7 Bc1 47. Be4 Bb2 48. Kg2 Rc8 49. Nb6 Rc7 50. Rxg4 Bxf6 51. Nd5 Rg7 52. Rxg7 Bxg7 53. Bf5 Ka7 54. Bd7 b6 55. a4 Bd4 56. Kf3 Kb7 57. g4 Bc5 58. g5 Ba3 59. g6 Bb2 60. Ke4 Ba1 61. Kf5 b5 62. axb5 Bh8 63. Ke6 a4 64. bxa4 Ka7 65. Kf7 Be5 66. g7 Bb8 67. Bc6 Bd6 68. g8Q Bf8 69. Ke6 1-0